000
00274nam a22000977a 4500
999
_c
516324
_d
516324
100
_a
Subrahmanayam, K.
_9
22816
245
_a
Problem of living in nuclear age
_c
by K. Subrahmanayam
260
_a
Chandigarh
_b
C.R.R.I.D.
_c
1985
300
_a
126p.
440
_a
Discussion
_v
III
_9
22817